[Event "101st YMCA Winter C"]
[Site "Warszawa"]
[Date "2012.01.03"]
[Round "1"]
[White "Prus, Marek"]
[Black "Wrabel, Antoni"]
[Result "1/2-1/2"]
[WhiteElo "1735"]
[BlackElo "1713"]
[Annotator "M"]
[PlyCount "30"]
[EventDate "2012.01.03"]
[EventType "tourn"]
[EventRounds "1"]
[EventCountry "POL"]
[SourceDate "2012.01.03"]

1. e4 e5 2. Nc3 Nf6 3. g3 d5 4. exd5 Nxd5 5. Bg2 Nxc3 6. bxc3 Bd6 7. Nf3 Nc6 8.
O-O O-O 9. d4 Bf5 10. Re1 Re8 11. Rb1 exd4 12. Nxd4 Nxd4 13. cxd4 Rxe1+ 14.
Qxe1 Qe8 15. Qxe8+ Rxe8 $11 1/2-1/2

[Event "101st YMCA Winter C"]
[Site "Warszawa"]
[Date "2012.01.03"]
[Round "1"]
[White "Maciejewski, Andrzej"]
[Black "Praczukowski, Stanislaw"]
[Result "0-1"]
[WhiteElo "1754"]
[BlackElo "1727"]
[PlyCount "58"]
[EventDate "2012.01.03"]
[EventType "tourn"]
[EventRounds "1"]
[EventCountry "POL"]
[SourceDate "2012.01.03"]

1. e4 c5 2. Nc3 d6 3. g3 Nc6 4. d3 g6 5. Bg2 Bg7 6. f4 e6 7. Nf3 Nge7 8. O-O
O-O 9. Be3 b6 10. h3 Ba6 11. Re1 Rc8 12. g4 f5 13. exf5 exf5 14. Ng5 Qd7 15.
Bf2 fxg4 16. Ne6 Rf6 17. Qe2 d5 18. hxg4 d4 19. Nb1 Nd5 20. Bxd5 Qxd5 21. Bh4
Rf7 22. Nd2 Nb4 23. Nc4 Bb7 24. Kh2 Re8 25. Qe4 Qxe4 26. Rxe4 Bxe4 27. Nxg7
Kxg7 28. Nd6 Rff8 29. Nxe4 Nxc2 0-1

[Event "101st YMCA Winter C"]
[Site "Warszawa"]
[Date "2012.01.04"]
[Round "1"]
[White "Sawicki, Wojciech"]
[Black "Antokolski, Michal"]
[Result "0-1"]
[WhiteElo "1769"]
[BlackElo "1742"]
[PlyCount "36"]
[EventDate "2012.01.03"]
[EventType "tourn"]
[EventRounds "1"]
[EventCountry "POL"]
[SourceDate "2012.01.03"]

1. e4 c5 2. d4 cxd4 3. c3 Nf6 4. e5 Nd5 5. cxd4 e6 6. Nf3 Nc6 7. Bd3 Bb4+ 8.
Bd2 Qb6 9. Be4 Nxd4 10. Bxd5 exd5 11. Nxd4 Qxd4 12. Bxb4 Qxb4+ 13. Qd2 Qe4+ 14.
Kf1 O-O 15. Nc3 Qxe5 16. Re1 Qc7 17. Qxd5 b6 18. Qxa8 Ba6+ 0-1

[Event "101st YMCA Winter C"]
[Site "Warszawa"]
[Date "2012.01.05"]
[Round "1"]
[White "Krzyzanowski, Antoni"]
[Black "Rozycki, Bartlomiej"]
[Result "0-1"]
[WhiteElo "1777"]
[BlackElo "1839"]
[PlyCount "90"]
[EventDate "2012.01.03"]
[EventType "tourn"]
[EventRounds "1"]
[EventCountry "POL"]
[SourceDate "2012.01.03"]

1. e4 e5 2. f4 exf4 3. Nf3 h6 4. Bc4 d6 5. h4 Nf6 6. Nc3 Bg4 7. d4 Nh5 8. Ne2
g5 9. Qd3 Qe7 10. Bd2 Nd7 11. O-O-O O-O-O 12. Bb3 Bg7 13. c4 Rhe8 14. Nc3 Ng3
15. Rhe1 Nf6 16. Nd5 Nxd5 17. exd5 Qf6 18. c5 dxc5 19. Bc3 c4 20. Qxc4 Nf5 21.
hxg5 hxg5 22. Qa4 Rxe1 23. Rxe1 a6 24. Ne5 Bh5 25. Nc6 Rh8 26. Na7+ Kd8 27.
Nc6+ bxc6 28. dxc6 Nxd4 29. Qxa6 Qxc6 30. Qxc6 Nxc6 31. Bxg7 Rg8 32. Bf6+ Kd7
33. Kd2 Bg4 34. a3 Be6 35. Ba4 Rg6 36. Bc3 Bd5 37. Bc2 Rd6 38. Kc1 Bxg2 39.
Bf5+ Kd8 40. b4 f3 41. Bd2 f2 42. Bxg5+ f6 43. Bxf6+ Rxf6 44. Rd1+ Rd6 45.
Rxd6+ cxd6 0-1

[Event "101st YMCA Winter C"]
[Site "Warszawa"]
[Date "2012.01.04"]
[Round "1"]
[White "Pajak, Jakub"]
[Black "Chomczyk, Marek"]
[Result "0-1"]
[WhiteElo "1693"]
[BlackElo "1808"]
[PlyCount "82"]
[EventDate "2012.01.03"]
[EventType "tourn"]
[EventRounds "1"]
[EventCountry "POL"]
[SourceDate "2012.01.03"]

1. e4 e5 2. Nf3 Nc6 3. Bc4 Bc5 4. O-O Nf6 5. d4 Bxd4 6. Nxd4 Nxd4 7. f4 d6 8.
fxe5 dxe5 9. Bg5 Be6 10. Na3 Qe7 11. c3 Bxc4 12. Nxc4 Ne6 13. Bxf6 gxf6 14. Kh1
Qc5 15. Nd2 O-O-O 16. Qc2 Nf4 17. Nb3 Qb6 18. c4 Rhg8 19. c5 Qc6 20. Rf2 Nd3
21. Re2 h5 22. Re3 Nf4 23. Rg1 f5 24. Na5 Qb5 25. Ra3 Qe2 26. Qb3 Qxe4 27. c6
b6 28. Ra4 Qd5 29. Qxd5 Rxd5 30. Nc4 Kb8 31. Ne3 Rd2 32. g3 Nh3 33. Rf1 f4 34.
Nc4 fxg3 35. hxg3 Rc2 36. Nxe5 Nf2+ 37. Rxf2 Rxf2 38. Nd7+ Ka8 39. b3 Rc2 40.
Ne5 Re8 41. Rd4 a5 0-1

[Event "101st YMCA Winter C"]
[Site "Warszawa"]
[Date "2012.01.03"]
[Round "1"]
[White "Duda, Ryszard"]
[Black "Kaniewska, Emilia"]
[Result "1-0"]
[WhiteElo "1692"]
[BlackElo "1683"]
[PlyCount "71"]
[EventDate "2012.01.03"]
[EventType "tourn"]
[EventRounds "1"]
[EventCountry "POL"]
[SourceDate "2012.01.03"]

1. e4 c5 2. Nf3 d6 3. d4 cxd4 4. Nxd4 Nf6 5. Nc3 a6 6. f3 e6 7. Be3 Be7 8. Qd2
b5 9. O-O-O Bb7 10. g4 O-O 11. h4 Nbd7 12. h5 Rc8 13. Kb1 Nb6 14. g5 Nfd7 15.
g6 b4 16. gxf7+ Kxf7 17. Nce2 Nc4 18. Qc1 Nxe3 19. Qxe3 Qc7 20. Bh3 Nc5 21.
Rhg1 Bf6 22. Nb3 Nxe4 23. Ned4 e5 24. Bxc8 Rxc8 25. fxe4 exd4 26. Nxd4 Bxd4 27.
Rxd4 Qxc2+ 28. Ka1 Qc5 29. Qf4+ Kg8 30. Rdd1 Qxh5 31. Qxd6 Qa5 32. Qe7 Qc7 33.
Rxg7+ Kh8 34. Qxc7 Rxc7 35. Rxc7 Bxe4 36. Rd8# 1-0

[Event "101st YMCA Winter C"]
[Site "Warszawa"]
[Date "2012.01.11"]
[Round "2"]
[White "Chomczyk, Marek"]
[Black "Duda, Ryszard"]
[Result "1-0"]
[WhiteElo "1808"]
[BlackElo "1692"]
[Annotator "M"]
[PlyCount "97"]
[EventDate "2012.01.03"]
[EventType "tourn"]
[EventRounds "1"]
[EventCountry "POL"]
[SourceDate "2012.01.03"]

1. e4 e5 2. Nf3 Nc6 3. Bc4 Bc5 4. c3 Nf6 5. d3 d5 6. exd5 Nxd5 7. O-O O-O 8.
Nbd2 Nb6 9. Bb3 Bf5 10. Ne4 Bxe4 11. dxe4 Qxd1 12. Rxd1 Rad8 13. Bg5 Rxd1+ 14.
Rxd1 h6 15. Bh4 Bd6 $11 16. a3 Nd7 17. Bd5 Nb6 18. Ba2 Na4 19. Rd2 Nc5 20. Bd5
Ne6 21. Bg3 Nf4 22. Bxf4 exf4 23. h3 Rb8 24. Bxc6 bxc6 25. e5 Bc5 26. b4 Bb6
27. Rd7 c5 28. b5 Rc8 29. e6 fxe6 30. Ne5 Re8 31. a4 a5 $11 32. h4 Rf8 33. Ng6
Rf6 34. h5 Kh7 35. Rd8 Rxg6 36. hxg6+ Kxg6 $11 37. c4 Kf7 38. Rd7+ Kf6 39. g3
fxg3 40. fxg3 h5 41. Kg2 g5 42. Kf3 Kf5 43. Rh7 h4 44. g4+ Kg6 45. Rh5 c6 46.
bxc6 Bc7 47. Rh8 Bf4 48. Rc8 h3 49. c7 1-0

[Event "101st YMCA Winter C"]
[Site "Warszawa"]
[Date "2012.01.12"]
[Round "2"]
[White "Rozycki, Bartlomiej"]
[Black "Pajak, Jakub"]
[Result "1-0"]
[WhiteElo "1839"]
[BlackElo "1693"]
[PlyCount "23"]
[EventDate "2012.01.03"]
[EventType "tourn"]
[EventRounds "1"]
[EventCountry "POL"]
[SourceDate "2012.01.03"]

1. e4 c5 2. Nf3 Nc6 3. Bb5 a6 4. Bxc6 bxc6 5. O-O d5 6. Re1 g6 7. d4 c4 8. Ne5
Qc7 9. Qf3 e6 10. Nc3 Bb7 11. Bf4 Qc8 12. Nxf7 1-0

[Event "101st YMCA Winter C"]
[Site "Warszawa"]
[Date "2012.01.11"]
[Round "2"]
[White "Antokolski, Michal"]
[Black "Krzyzanowski, Antoni"]
[Result "1-0"]
[WhiteElo "1742"]
[BlackElo "1777"]
[PlyCount "49"]
[EventDate "2012.01.03"]
[EventType "tourn"]
[EventRounds "1"]
[EventCountry "POL"]
[SourceDate "2012.01.03"]

1. e4 e6 2. d4 d5 3. Nc3 Nf6 4. e5 Nfd7 5. f4 c5 6. Nf3 Nc6 7. Be3 a6 8. Qd2 b5
9. Be2 Bb7 10. O-O g5 11. f5 cxd4 12. fxe6 fxe6 13. Nxg5 h5 14. Nxe6 dxe3 15.
Qxd5 Qb6 16. Rxf8+ Nxf8 17. Ng7+ Ke7 18. Qd6+ Kf7 19. Rf1+ Kg8 20. Qd5+ Kh7 21.
Bd3+ Ng6 22. Bxg6+ Kxg7 23. Qf7+ Kh6 24. Qf4+ Kg7 25. Qf6+ 1-0

[Event "101st YMCA Winter C"]
[Site "Warszawa"]
[Date "2012.01.11"]
[Round "2"]
[White "Praczukowski, Stanislaw"]
[Black "Sawicki, Wojciech"]
[Result "1-0"]
[WhiteElo "1727"]
[BlackElo "1769"]
[PlyCount "123"]
[EventDate "2012.01.03"]
[EventType "tourn"]
[EventRounds "1"]
[EventCountry "POL"]
[SourceDate "2012.01.03"]

1. e4 e5 2. Nf3 Nc6 3. Bb5 a6 4. Ba4 Nf6 5. O-O Be7 6. Qe2 b5 7. Bb3 O-O 8. c3
d5 9. d3 d4 10. cxd4 Nxd4 11. Nxd4 Qxd4 12. Be3 Qd6 13. Rc1 Ng4 14. Bd5 Rb8 15.
Rc6 Qd7 16. Bc5 Bb7 17. Bxe7 Qxe7 18. Rc2 Qh4 19. h3 Bxd5 20. Qxg4 Qxg4 21.
hxg4 Be6 22. f3 Rfd8 23. Rxc7 Rxd3 24. Kf2 Rc8 25. Rxc8+ Bxc8 26. Ke2 Rd6 27.
Nc3 Be6 28. b3 Kf8 29. Rc1 Ke7 30. Nd1 Kd7 31. Ne3 Rc6 32. Rxc6 Kxc6 33. Kd3
Kc5 34. Kc3 a5 35. Nd1 b4+ 36. Kd3 a4 37. bxa4 Bxa2 38. Nb2 Bb1+ 39. Kd2 Ba2
40. Nd3+ Kb6 41. Nxb4 Bc4 42. a5+ Kb5 43. a6 Kb6 44. a7 Kxa7 45. Nc6+ Kb6 46.
Nxe5 Be6 47. Kc3 Kc5 48. Nd3+ Kd6 49. Kd4 f6 50. Nf4 Bf7 51. Nh5 Bxh5 52. gxh5
g5 53. hxg6 hxg6 54. f4 Ke6 55. e5 fxe5+ 56. fxe5 Ke7 57. Kd5 g5 58. e6 g4 59.
g3 Ke8 60. Ke5 Kf8 61. Kf6 Ke8 62. e7 1-0

[Event "101st YMCA Winter C"]
[Site "Warszawa"]
[Date "2012.01.11"]
[Round "2"]
[White "Wrabel, Antoni"]
[Black "Maciejewski, Andrzej"]
[Result "1/2-1/2"]
[WhiteElo "1713"]
[BlackElo "1754"]
[Annotator "M"]
[PlyCount "120"]
[EventDate "2012.01.03"]
[EventType "tourn"]
[EventRounds "1"]
[EventCountry "POL"]
[SourceDate "2012.01.03"]

1. e4 c5 2. Nf3 Nc6 3. d4 cxd4 4. Nxd4 g6 5. c4 Bg7 6. Nc2 Nf6 7. Nc3 d6 8. Be2
O-O 9. O-O Be6 10. Be3 Rc8 11. Qd2 Ne5 12. b3 Re8 13. Rad1 a6 14. Nd4 Bd7 15.
h3 Qc7 16. f4 Nc6 17. Nxc6 Bxc6 18. Bf3 Nd7 19. Nd5 Bxd5 20. Qxd5 Nf6 21. Qd3
Qa5 22. Rf2 Rc7 23. Bd4 Nd7 24. Bg4 Nc5 25. Qe3 Bh6 26. Bxc5 Qxc5 27. Qxc5 Rxc5
28. Kf1 b5 29. Be2 Ra8 30. g4 b4 31. Rd5 a5 32. Bd1 Rxd5 33. exd5 Kf8 34. Ke2
Rc8 35. Kd3 Rc5 36. g5 Bg7 37. Bg4 f5 38. gxf6 Bxf6 39. Bd7 Rc7 40. Bb5 Kf7 41.
Ke4 Rc8 42. h4 Kg7 43. Rh2 Rf8 44. h5 g5 45. Rf2 $11 Be5 46. f5 Kh6 47. c5 Rc8
48. c6 Kxh5 49. f6 exf6 50. Kf5 Kh6 51. Ke6 Rc7 52. Be2 Kg6 53. Bd3+ Kg7 54.
Be2 Kf8 55. Rf1 Re7+ 56. Kf5 Ke8 57. Rh1 Kd8 58. Bd3 Kc7 59. Kg4 Kb6 60. Rxh7
Rxh7 $11 1/2-1/2

[Event "101st YMCA Winter C"]
[Site "Warszawa"]
[Date "2012.01.04"]
[Round "2"]
[White "Chmielewska, Joanna"]
[Black "Prus, Marek"]
[Result "0-1"]
[WhiteElo "1774"]
[BlackElo "1735"]
[PlyCount "89"]
[EventDate "2012.01.03"]
[EventType "tourn"]
[EventRounds "1"]
[EventCountry "POL"]
[SourceDate "2012.01.03"]

1. e4 c5 2. Nf3 e6 3. d4 cxd4 4. Nxd4 a6 5. Nc3 b5 6. Be3 Bb7 7. Qd3 d6 8.
O-O-O Nd7 9. f3 Ngf6 10. Qd2 Be7 11. g4 Nb6 12. Qf2 Nfd7 13. Rg1 Rc8 14. e5 d5
15. f4 Rxc3 16. bxc3 Na4 17. Nb3 Qc7 18. Rd3 Nxc3 19. Rxc3 Qxc3 20. Bd4 Ba3+
21. Kb1 Qc7 22. Rg3 O-O 23. Rc3 Bc6 24. Bd3 Bb4 25. Bxh7+ Kxh7 26. Qh4+ Kg8 27.
Rh3 f6 28. Qh7+ Kf7 29. exf6 Nxf6 30. Bxf6 Kxf6 31. Rh6+ Kf7 32. Qg6+ Ke7 33.
Qxg7+ Kd8 34. Qxc7+ Kxc7 35. Nd4 Bd7 36. Nxe6+ Bxe6 37. Rxe6 Rxf4 38. Rxa6 Rxg4
39. Rh6 Bc3 40. a3 b4 41. axb4 Rxb4+ 42. Ka2 Rb2+ 43. Ka3 Rxc2 44. Kb3 Rc1 45.
Rh3 0-1

[Event "101st YMCA Winter C"]
[Site "Warszawa"]
[Date "2012.01.18"]
[Round "3"]
[White "Maciejewski, Andrzej"]
[Black "Chmielewska, Joanna"]
[Result "1/2-1/2"]
[WhiteElo "1754"]
[BlackElo "1774"]
[Annotator "M"]
[PlyCount "61"]
[EventDate "2012.01.03"]
[EventType "tourn"]
[EventRounds "1"]
[EventCountry "POL"]
[SourceDate "2012.01.03"]

1. e4 e6 2. d4 d5 3. exd5 exd5 4. Bd3 Bd6 5. Nf3 Ne7 6. O-O Nbc6 7. c3 Bg4 8.
Nbd2 Qd7 9. b4 O-O 10. Qc2 Bf5 11. a4 Bxd3 12. Qxd3 Qf5 13. Qxf5 Nxf5 14. Re1
Rfe8 15. Bb2 h6 16. Nb3 b6 17. Kf1 Kf8 18. b5 Nd8 19. Rxe8+ Kxe8 20. Re1+ Kf8
21. h3 Ne6 22. Ne5 a6 23. Ra1 Nf4 24. bxa6 Rxa6 25. Ba3 Bxa3 26. Rxa3 Nd6 27.
Ra1 Ne4 28. a5 bxa5 29. Rxa5 Rxa5 30. Nxa5 Nxc3 31. Nac6 $11 1/2-1/2

[Event "101st YMCA Winter C"]
[Site "Warszawa"]
[Date "2012.01.20"]
[Round "3"]
[White "Sawicki, Wojciech"]
[Black "Wrabel, Antoni"]
[Result "1-0"]
[WhiteElo "1769"]
[BlackElo "1713"]
[PlyCount "103"]
[EventDate "2012.01.03"]
[EventType "tourn"]
[EventRounds "1"]
[EventCountry "POL"]
[SourceDate "2012.01.03"]

1. e4 e5 2. Nf3 Nc6 3. Bb5 a6 4. Ba4 Nf6 5. O-O Be7 6. Re1 b5 7. Bb3 O-O 8. c3
d6 9. h3 h6 10. d4 Re8 11. Nbd2 Bf8 12. Nf1 Bd7 13. Ng3 Na5 14. Bc2 c5 15. b3
Nc6 16. Be3 cxd4 17. cxd4 exd4 18. Nxd4 d5 19. Qf3 Ne5 20. Qd1 dxe4 21. Nxe4
Rc8 22. Bf4 Ng6 23. Bg3 Bb4 24. Re2 Nd5 25. a3 Bf8 26. Qd2 f5 27. Nd6 Bxd6 28.
Bxd6 Qb6 29. Rxe8+ Rxe8 30. Nxf5 Bxf5 31. Bxf5 Qxd6 32. Bxg6 Qxg6 33. Qxd5+ Kh7
34. Rd1 Qf6 35. Qd6 Re6 36. Qd3+ g6 37. Qd7+ Re7 38. Qd6 Re6 39. Qc7+ Re7 40.
Qc5 h5 41. Rd6 Qf4 42. Rd1 Re5 43. Qc7+ Kh6 44. Qc1 Qxc1 45. Rxc1 Re2 46. Rc6
Rb2 47. b4 h4 48. Rxa6 Rb1+ 49. Kh2 Rf1 50. Ra5 Rxf2 51. Rxb5 g5 52. a4 1-0

[Event "101st YMCA Winter C"]
[Site "Warszawa"]
[Date "2012.01.31"]
[Round "3"]
[White "Krzyzanowski, Antoni"]
[Black "Praczukowski, Stanislaw"]
[Result "1-0"]
[WhiteElo "1777"]
[BlackElo "1727"]
[PlyCount "93"]
[EventDate "2012.01.03"]
[EventType "tourn"]
[EventRounds "1"]
[EventCountry "POL"]
[SourceDate "2012.01.03"]

1. e4 c5 2. Nc3 d6 3. g3 g6 4. Bg2 Nc6 5. d3 Bg7 6. Be3 e6 7. Qd2 Nd4 8. Nge2
Rb8 9. Nc1 b5 10. O-O b4 11. Nd1 Ne7 12. c3 bxc3 13. bxc3 Ndc6 14. Bh6 O-O 15.
Bxg7 Kxg7 16. Ne3 h5 17. f4 d5 18. Nb3 dxe4 19. Bxe4 Qb6 20. Nc4 Qc7 21. Qf2
Ba6 22. Qxc5 Rb5 23. Qf2 h4 24. g4 f5 25. Bxc6 Nxc6 26. Nc5 Bc8 27. Rae1 Nd8
28. Re5 fxg4 29. d4 g3 30. hxg3 hxg3 31. Qxg3 Rh8 32. Rg5 Rh6 33. Ne5 Rxc5 34.
Rxg6+ Rxg6 35. Qxg6+ Kf8 36. Qf6+ Ke8 37. dxc5 Qxc5+ 38. Kh2 Qe3 39. Rg1 Qe2+
40. Kh3 Qh5+ 41. Qh4 Qf5+ 42. Kh2 Qf8 43. Ng6 Qd6 44. Qh8+ Kf7 45. Ne5+ Ke7 46.
Rg7+ Kf6 47. Rf7# 1-0

[Event "101st YMCA Winter C"]
[Site "Warszawa"]
[Date "2012.01.26"]
[Round "3"]
[White "Pajak, Jakub"]
[Black "Antokolski, Michal"]
[Result "0-1"]
[WhiteElo "1693"]
[BlackElo "1742"]
[PlyCount "56"]
[EventDate "2012.01.03"]
[EventType "tourn"]
[EventRounds "1"]
[EventCountry "POL"]
[SourceDate "2012.01.03"]

1. a3 c5 2. c4 g6 3. g3 Bg7 4. Bg2 Nf6 5. Nc3 d6 6. Nf3 Nc6 7. Rb1 Nd4 8. Nxd4
cxd4 9. Ne4 Nxe4 10. Bxe4 Qc7 11. d3 Bh3 12. b4 O-O 13. Bd2 e5 14. Qc1 f5 15.
Bd5+ Kh8 16. Bh6 Rae8 17. Bxg7+ Kxg7 18. c5 e4 19. Qb2 dxc5 20. bxc5 Qxc5 21.
dxe4 fxe4 22. Ba2 b6 23. Rd1 Qc3+ 24. Qxc3 dxc3 25. Bc4 Rc8 26. Rd4 Rfd8 27.
Rxd8 Rxd8 28. Bb3 Rd2 0-1

[Event "101st YMCA Winter C"]
[Site "Warszawa"]
[Date "2012.01.19"]
[Round "3"]
[White "Duda, Ryszard"]
[Black "Rozycki, Bartlomiej"]
[Result "0-1"]
[WhiteElo "1692"]
[BlackElo "1839"]
[PlyCount "72"]
[EventDate "2012.01.03"]
[EventType "tourn"]
[EventRounds "1"]
[EventCountry "POL"]
[SourceDate "2012.01.03"]

1. e4 e5 2. Nf3 Nc6 3. Bb5 a6 4. Ba4 Nf6 5. O-O Nxe4 6. d4 b5 7. Bb3 d5 8. dxe5
Be6 9. Be3 Bc5 10. Bxc5 Nxc5 11. Nbd2 O-O 12. a4 Nxb3 13. Nxb3 Bg4 14. Re1 Re8
15. axb5 Nxe5 16. Nbd4 Nxf3+ 17. Nxf3 Rxe1+ 18. Qxe1 Bxf3 19. gxf3 axb5 20.
Rxa8 Qxa8 21. Qb4 Qc6 22. c3 h6 23. Qg4 Qe6 24. Qf4 c6 25. Kg2 Kh7 26. Kg3 g5
27. Qe3 Qxe3 28. fxe3 c5 29. h4 Kg6 30. hxg5 Kxg5 31. b4 cxb4 32. cxb4 Kf5 33.
Kf2 Ke5 34. Kg3 d4 35. exd4+ Kxd4 36. Kf4 Kc4 0-1

[Event "101st YMCA Winter C"]
[Site "Warszawa"]
[Date "2012.02.03"]
[Round "3"]
[White "Kaniewska, Emilia"]
[Black "Chomczyk, Marek"]
[Result "0-1"]
[WhiteElo "1683"]
[BlackElo "1808"]
[PlyCount "80"]
[EventDate "2012.01.03"]
[EventType "tourn"]
[EventRounds "1"]
[EventCountry "POL"]
[SourceDate "2012.01.03"]

1. f4 Nc6 2. Nf3 Nf6 3. g3 d5 4. Bg2 Bf5 5. d3 Qd7 6. O-O Bh3 7. Qe1 Bxg2 8.
Kxg2 O-O-O 9. e4 dxe4 10. dxe4 e5 11. Nxe5 Nxe5 12. fxe5 Ng4 13. Bf4 Qb5 14.
Nc3 Qxb2 15. Qe2 Nxh2 16. Kxh2 Qxc3 17. Rab1 Qc6 18. Bg5 Rd7 19. Rf3 h6 20. Bc1
Bc5 21. Rfb3 b6 22. Ba3 Bxa3 23. Rxa3 Rhd8 24. Rd3 Kb7 25. Rxd7 Qxd7 26. Kg2
Qd4 27. Rf1 Qc3 28. Rf2 Rd4 29. Kh3 Qc6 30. Rf4 Qd7+ 31. g4 h5 32. Kg3 g5 33.
Rf5 hxg4 34. Qxg4 Qc6 35. Rxf7 Rxe4 36. Qxg5 Qc3+ 37. Rf3 Qe1+ 38. Kh3 Qh1+ 39.
Kg3 Qg1+ 40. Kh3 Qxg5 0-1

[Event "101st YMCA Winter C"]
[Site "Warszawa"]
[Date "2012.01.31"]
[Round "4"]
[White "Rozycki, Bartlomiej"]
[Black "Kaniewska, Emilia"]
[Result "1-0"]
[WhiteElo "1839"]
[BlackElo "1683"]
[PlyCount "57"]
[EventDate "2012.01.03"]
[EventType "tourn"]
[EventRounds "1"]
[EventCountry "POL"]
[SourceDate "2012.01.03"]

1. e4 c5 2. Nf3 d6 3. d4 cxd4 4. Nxd4 Nf6 5. Nc3 a6 6. f4 e6 7. Bd3 b5 8. O-O
Bb7 9. Qe2 Be7 10. Nf3 O-O 11. e5 dxe5 12. fxe5 Nd5 13. Nxd5 Qxd5 14. Be3 Nd7
15. Rad1 Qc6 16. Nd4 Qc7 17. Bf4 Bc5 18. c3 Rad8 19. Kh1 Nb6 20. Bg5 Rd7 21.
Rf4 Rc8 22. Bxh7+ Kxh7 23. Qh5+ Kg8 24. Bf6 Bxd4 25. Rh4 Bxg2+ 26. Kxg2 Qc6+
27. Kh3 Qxc3+ 28. bxc3 Rxc3+ 29. Kg4 1-0

[Event "101st YMCA Winter C"]
[Site "Warszawa"]
[Date "2012.01.25"]
[Round "4"]
[White "Antokolski, Michal"]
[Black "Duda, Ryszard"]
[Result "1/2-1/2"]
[WhiteElo "1742"]
[BlackElo "1692"]
[Annotator "M"]
[PlyCount "121"]
[EventDate "2012.01.03"]
[EventType "tourn"]
[EventRounds "1"]
[EventCountry "POL"]
[SourceDate "2012.01.03"]

1. e4 c5 2. Nf3 d6 3. d4 cxd4 4. Nxd4 Nf6 5. Nc3 a6 6. Bg5 e6 7. f4 Be7 8. Qf3
Qc7 9. O-O-O Nc6 10. Nb3 O-O 11. g4 Rd8 12. Bxf6 Bxf6 13. g5 Bxc3 14. Qxc3 b5
15. Nd4 Bb7 16. f5 e5 17. Nf3 Rac8 18. Bd3 Qb6 19. Qe1 Qc5 20. g6 Nb4 21. c3
Nxd3+ 22. Rxd3 Qc4 23. Re3 Qxa2 24. Kc2 b4 25. gxf7+ Kf8 26. Ng5 bxc3 27. Ne6+
Ke7 28. Qh4+ Kd7 29. f8=N+ Rxf8 30. Nxf8+ Ke8 31. Rxc3 Rxc3+ 32. Kxc3 Qa5+ 33.
Kd3 Kxf8 34. Re1 Qb4 35. Qf2 a5 36. Qd2 Qd4+ 37. Kc2 Bxe4+ 38. Kc1 Qc5+ 39. Qc3
Qxc3+ 40. bxc3 Bxf5 41. Kd2 a4 42. c4 Ke7 43. Kc3 g5 44. c5 Bd7 45. Kb4 Ke6 46.
Rd1 dxc5+ 47. Kxc5 h5 48. Rd6+ Ke7 49. Rd5 a3 50. Rxe5+ Kf6 51. Re2 Be6 52. Kb4
a2 53. Re1 Bf5 54. Ka3 Bb1 55. Kb2 g4 56. Re3 Kf5 57. Rb3 h4 58. Ra3 g3 59.
hxg3 h3 60. g4+ $11 Kxg4 61. Rxh3 $11 1/2-1/2

[Event "101st YMCA Winter C"]
[Site "Warszawa"]
[Date "2012.02.09"]
[Round "4"]
[White "Praczukowski, Stanislaw"]
[Black "Pajak, Jakub"]
[Result "1-0"]
[WhiteElo "1727"]
[BlackElo "1693"]
[PlyCount "79"]
[EventDate "2012.01.03"]
[EventType "tourn"]
[EventRounds "1"]
[EventCountry "POL"]
[SourceDate "2012.01.03"]

1. d4 g6 2. c4 Nf6 3. g3 Bg7 4. Bg2 O-O 5. Nc3 d6 6. Nf3 c5 7. d5 a6 8. a4 Nbd7
9. O-O Ng4 10. h3 Nge5 11. Nd2 Nb6 12. Qb3 Rb8 13. f4 Ned7 14. e4 Na8 15. Re1
Nc7 16. Bf1 e6 17. Nf3 e5 18. Bd2 f6 19. Kh2 Rf7 20. Ra3 Qf8 21. a5 Bh6 22. Na4
Na8 23. Bg2 f5 24. fxe5 Nxe5 25. Bxh6 Nxf3+ 26. Qxf3 Qxh6 27. e5 dxe5 28. Rxe5
Bd7 29. Nxc5 Rc8 30. Nxb7 Qg7 31. Rae3 f4 32. gxf4 Rxc4 33. R5e4 Rxe4 34. Qxe4
Bf5 35. Qb4 Nc7 36. Nd6 Rf8 37. Nxf5 Rxf5 38. d6 Nb5 39. Qc4+ Kh8 40. Qc8+ 1-0

[Event "101st YMCA Winter C"]
[Site "Warszawa"]
[Date "2012.01.25"]
[Round "4"]
[White "Wrabel, Antoni"]
[Black "Krzyzanowski, Antoni"]
[Result "1-0"]
[WhiteElo "1713"]
[BlackElo "1777"]
[PlyCount "105"]
[EventDate "2012.01.03"]
[EventType "tourn"]
[EventRounds "1"]
[EventCountry "POL"]
[SourceDate "2012.01.03"]

1. e4 c5 2. Nf3 d6 3. d4 cxd4 4. Nxd4 Nf6 5. Nc3 a6 6. Bc4 e6 7. Bb3 Nc6 8. Be3
Be7 9. Qe2 O-O 10. O-O-O Na5 11. g4 Nxb3+ 12. axb3 Qc7 13. g5 Nd7 14. f4 b5 15.
f5 Nc5 16. f6 Bd8 17. fxg7 Kxg7 18. Qh5 Kh8 19. Qh6 Rg8 20. Nf3 b4 21. Bd4+ e5
22. Nd5 Nxb3+ 23. Kb1 Qa5 24. Bxe5+ dxe5 25. cxb3 Be6 26. h4 Qc5 27. Nxe5 a5
28. Rhf1 Rg7 29. Qh5 Kg8 30. Qf3 a4 31. bxa4 Rxa4 32. Qb3 Qa5 33. Nd3 h6 34.
gxh6 Rg2 35. Rf2 Rg3 36. Rdd2 Bxh4 37. Rg2 Kh7 38. Rxg3 Bxg3 39. Rg2 Bh4 40.
Kc2 Kxh6 41. Kd2 Bg5+ 42. Ke2 f5 43. Qd1 fxe4 44. Qh1+ Kg6 45. N3f4+ Kf7 46.
Qh7+ Ke8 47. Qg6+ Bf7 48. Qxe4+ Kf8 49. Rxg5 Qb5+ 50. Kf2 Qc5+ 51. Qe3 Qc2+ 52.
Kg3 Qc7 53. Nxc7 1-0

[Event "101st YMCA Winter C"]
[Site "Warszawa"]
[Date "2012.01.25"]
[Round "4"]
[White "Chmielewska, Joanna"]
[Black "Sawicki, Wojciech"]
[Result "0-1"]
[WhiteElo "1774"]
[BlackElo "1769"]
[PlyCount "52"]
[EventDate "2012.01.03"]
[EventType "tourn"]
[EventRounds "1"]
[EventCountry "POL"]
[SourceDate "2012.01.03"]

1. c4 Nf6 2. Nc3 g6 3. g3 Bg7 4. Bg2 O-O 5. e3 d6 6. Nge2 e5 7. O-O c6 8. d4
Re8 9. b3 Bg4 10. dxe5 dxe5 11. h3 Bf5 12. Bb2 Na6 13. e4 Be6 14. a3 Qc7 15.
Qc2 Rad8 16. Rad1 Rxd1 17. Rxd1 Rd8 18. Na4 Rxd1+ 19. Qxd1 Qd7 20. Qc2 b5 21.
cxb5 cxb5 22. Nac3 Bxh3 23. Bxh3 Qxh3 24. Nxb5 Ng4 25. Nec3 Qh2+ 26. Kf1 Ne3+
0-1

[Event "101st YMCA Winter C"]
[Site "Warszawa"]
[Date "2012.01.25"]
[Round "4"]
[White "Prus, Marek"]
[Black "Maciejewski, Andrzej"]
[Result "0-1"]
[WhiteElo "1735"]
[BlackElo "1754"]
[Annotator "M"]
[PlyCount "126"]
[EventDate "2012.01.03"]
[EventType "tourn"]
[EventRounds "1"]
[EventCountry "POL"]
[SourceDate "2012.01.03"]

1. e4 c5 2. Nf3 d6 3. d4 cxd4 4. Qxd4 Nc6 5. Bb5 Bd7 6. Bxc6 Bxc6 7. Nc3 Nf6 8.
Bg5 Nd7 9. O-O-O Qb6 10. Qd2 h6 11. Be3 Qb4 12. a3 Qc4 13. b3 Qa6 14. Kb2 e6
15. Rhe1 Be7 16. Qd3 Qxd3 17. cxd3 O-O 18. d4 b6 19. Bf4 Bb7 20. Nb5 d5 21.
exd5 Bxd5 22. Nc7 Bxf3 23. gxf3 Rac8 24. Nb5 Nf6 25. Nxa7 Bxa3+ 26. Kxa3 Ra8
27. Kb2 Rxa7 28. Rg1 Kh7 29. Be5 Rfa8 30. Rxg7+ Kxg7 31. Rg1+ Kh7 32. Bxf6 Rg8
33. Rc1 Rga8 34. Rg1 Ra2+ 35. Kc3 Rg8 36. Rxg8 Kxg8 37. d5 exd5 38. Bd4 Kf8 39.
Bxb6 Ke7 40. Be3 Kd6 41. b4 Kc6 42. Kd4 Rb2 43. Kc3 Ra2 44. Kd4 $11 Ra4 45. Kc3
h5 46. Kb3 Ra1 47. Bd4 Rh1 48. Be5 Rg1 49. Ka4 Rg2 50. Bg3 f5 51. Ka5 f4 52.
Bxf4 Rxf2 53. b5+ Kb7 54. Be5 Rxf3 55. Kb4 Re3 56. Bd4 Re2 57. Kc5 Rxh2 58.
Kxd5 Rd2 59. Ke4 h4 60. Be3 h3 61. Bxd2 h2 62. Be3 h1=Q+ 63. Kd4 Qf3 0-1

[Event "101st YMCA Winter C"]
[Site "Warszawa"]
[Date "2012.01.18"]
[Round "5"]
[White "Sawicki, Wojciech"]
[Black "Prus, Marek"]
[Result "1-0"]
[WhiteElo "1769"]
[BlackElo "1735"]
[PlyCount "29"]
[EventDate "2012.01.03"]
[EventType "tourn"]
[EventRounds "1"]
[EventCountry "POL"]
[SourceDate "2012.01.03"]

1. e4 e5 2. Nf3 Nc6 3. Bb5 Nge7 4. Nc3 g6 5. d4 exd4 6. Nd5 Bg7 7. Bg5 f6 8.
Nxf6+ Bxf6 9. Bxf6 O-O 10. Bc4+ Rf7 11. Ng5 d5 12. Bxd5 Ne5 13. Bxe5 Nxd5 14.
Nxf7 Kxf7 15. exd5 1-0